LEADER 01017nam0 22002771i 450 001 RML0233490 005 20231121125659.0 100 $a20121121d1991 ||||0itac50 ba 101 | $aita 102 $ait 181 1$6z01$ai $bxxxe 182 1$6z01$an 200 1 $a˜La œcontabilità ordinaria$eAmministrazione dell'azienda - Rilevazioni contabili - Bilancio d'esercizio$fImerio Facchinetti e Paolo Facchinetti 205 $a6a ed 210 $aMilano $cPirola $d1991 215 $axiv,414 p.$d24 cm 700 1$aFACCHINETTI$b, Imerio$3RMLV147401$0115391 701 1$aFACCHINETTI$b, Paolo$3RMLV148407$0248169 801 3$aIT$bIT-01$c20121121 850 $aIT-FR0098 899 $aBiblioteca Area Giuridico Economica$bFR0098 912 $aRML0233490 950 0$aBiblioteca Area Giuridico Economica$d 53IMP 657/39$e 53VM 0000017255 VM barcode:0001422VM$fA $h19950427$i20121204 977 $a 53 996 $aContabilità ordinaria$9991431 997 $aUNICAS LEADER 00998nam0 22002531i 450 001 RML0238682 005 20231121125705.0 100 $a20121121d1992 ||||0itac50 ba 101 | $aita 102 $ait 181 1$6z01$ai $bxxxe 182 1$6z01$an 200 1 $aTesto unificato della normativa sull'inquinamento atmosferico$eImpianti industriali - Impianti termici$fLuciano Butti 210 $aMilano $cGiuffr $d1992 215 $avi,770 p.$d23 cm 700 1$aBUTTI$b, Luciano$3RMLV152512$034859 801 3$aIT$bIT-01$c20121121 850 $aIT-FR0098 899 $aBiblioteca Area Giuridico Economica$bFR0098 912 $aRML0238682 950 0$aBiblioteca Area Giuridico Economica$d 53IMP 344.046/12 BIS$e 53VM 0000075785 VM barcode:ECO004097. - Inventario:1948. - Fondo:Sala consultazioneVM$fA $h19941115$i20121204 977 $a 53 996 $aTesto unificato della normativa sull'inquinamento atmosferico$9666075 997 $aUNICAS